Luận đề về Nguyễn Khuyến

Salvato in:
Dettagli Bibliografici
Autore principale: Trần Ngọc Hưởng
Natura: Libro
Lingua:Undetermined
Pubblicazione: Tp. HCM Thanh Niên 1999
Soggetti:
Tags: Aggiungi Tag
Nessun Tag, puoi essere il primo ad aggiungerne! !
Thư viện lưu trữ: Trung tâm Học liệu Trường Đại học Cần Thơ
LEADER 00577nam a2200193Ia 4500
001 CTU_35828
008 210402s9999 xx 000 0 und d
020 |b 20.000đ 
082 |a 809 
082 |b H561n 
100 |a Trần Ngọc Hưởng 
245 0 |a Luận đề về Nguyễn Khuyến 
245 0 |c Trần Ngọc Hưởng 
260 |a Tp. HCM 
260 |b Thanh Niên 
260 |c 1999 
650 |a vietnamese poetry - 19th century - history and criticism 
904 |i Minh, 000317 
980 |a Trung tâm Học liệu Trường Đại học Cần Thơ